000 00531nam a22001697a 4500
005 20251108165411.0
008 250721s2000 xx 000 0 ara d
082 1 4 _a658.151/آدم
100 1 _aآدم، يوحنا عبد
245 1 0 _aالمحاسبة الإدارية و السياسات الإدارية المعاصرة /
264 1 _aعمان :
_bدار الحامد،
_c2000.
300 _a562ص
650 1 7 _aالمحاسبة الإدارية
700 1 _aالرزق، صالح
942 _2ddc
_cBK
999 _c27003
_d27003